Madre tierra : libro de lectura para cuarto grado

Guardado en:
Detalles Bibliográficos
Autor principal: Falcone, María Luisa
Otros Autores: Valdivia, Víctor (Ilustrador)
Formato: Libro
Lenguaje:español
Publicado: Buenos Aires : 1955.
Catálogo:BNM:  Resultados de Búsqueda del Catálogo
Clasificación de libros de texto:
Materias:
Etiquetas: Agregar Etiqueta
Sin Etiquetas, Sea el primero en etiquetar este registro!
Añadido a:2002-09-02
Cambiado en:2022-02-20

MARC

LEADER 00000cam a22000004a 4500
003 AR-BaBNM
007 ta
008 020903s1955 ag a b |||||||||||spa|d
005 20220220073716.0
035 |a 000041204 
040 |a AR-BaBNM  |b spa 
080 |a P-4 8 
100 1 |a Falcone, María Luisa 
245 1 0 |a Madre tierra :  |b libro de lectura para cuarto grado /  |c María Luisa Falcone. 
260 |a Buenos Aires :  |b Estrada,  |c 1955. 
300 |a 319 p. :  |b il. 
585 |a Libro expuesto en '200 Años de Textos Escolares en la Escuela Argentina : Bicentenario Educativo': 2010. 
650 4 |a Enseñanza de la lectura  |9 7753  |a Enseñanza de la lengua  |9 7754  |a Educación primaria  |9 7632 
655 4 |a Libros de lectura 
700 1 |a Valdivia, Víctor  |e ill 
942 |2 udc  |c LIBRO 
999 |c 75413  |d 75413 
998 |a LILE 
995 |a Expo-Bicentenario-2010  |a Expo-Peronismo 
999 |c KOHA-OAI-TEST:75413  |d 75413